| 000 | 00758nam a2200205 a 4500 | ||
|---|---|---|---|
| 001 | 11767536 | ||
| 008 | 120615s1999 ||||||||||||||||| || u | ||
| 010 | _a99040933 | ||
| 020 | _a0060194979 | ||
| 050 | _aQH 431 Rid | ||
| 100 | _aRidley, Matt | ||
| 245 | 1 | 0 |
_aGenome : the autobiography of a species in 23 chapters _cby Matt Ridley. |
| 260 |
_aLondon: _bHarper Perennial _c1999 |
||
| 300 | _a344 p. | ||
| 350 | _a0.00 | ||
| 500 | _aIncludes bibliographical references and index. | ||
| 650 | 0 | _aHUMAN GENOME -- POPULAR WORK | |
| 650 | 0 | _aHUMAN GENETICS --POPULAR WORKS | |
| 995 |
_aMEDICAL LIBRARY OPEN ACCESS _e742809 _FCBU-SCHOOL OF MEDICINE LIBRARY (Ndola) _I0.00 _jQH 431 Rid _M1 _UAVAILABLE _WJun 15, 2012 _y742809 _ZMedical Library Open Access Collection |
||
| 999 |
_c31519 _d31519 |
||